|
|
|
|
| LEADER |
00000nam0a2200000 4500 |
| 001 |
233796 |
| 005 |
20231101231254.0 |
| 010 |
|
|
|a 9785160055381
|
| 035 |
|
|
|a (RuTPU)RU\TPU\book\254877
|
| 035 |
|
|
|a RU\TPU\book\173394
|
| 090 |
|
|
|a 233796
|
| 100 |
|
|
|a 20090515d2013 m y0rusy50 ca
|
| 101 |
0 |
|
|a rus
|
| 102 |
|
|
|a RU
|
| 105 |
|
|
|a y j 000zy
|
| 200 |
1 |
|
|a Корпоративное управление
|e учебное пособие
|f В. Р. Веснин, В. В. Кафидов
|
| 210 |
|
|
|a Москва
|c Инфра-М
|d 2013
|
| 215 |
|
|
|a 272 с.
|
| 225 |
1 |
|
|a Высшее образование: Магистратура
|
| 330 |
|
|
|a В предлагаемом учебном пособии изложены основы теории корпоративного управления - сравнительно новой, но очень важной для профессиональной подготовки специалистов в области экономики и управления дисциплины. Подробно рассмотрены главные понятия корпоративного управления: его сущность, причины возникновения, виды и элементы, интегрированные корпоративные системы, национальные модели, внутренние организационные и финансовые механизмы функционирования корпорации. При подготовке текста использованы материалы лучших отечественных и зарубежных авторов. Учебное пособие предназначено для студентов экономических специальностей высших учебных заведений. Оно может быть также использовано аспирантами и всеми интересующимися вопросами корпоративного управления.
|
| 606 |
1 |
|
|a Корпоративное управление
|2 stltpush
|3 (RuTPU)RU\TPU\subj\39723
|9 59679
|
| 610 |
1 |
|
|a экономика
|
| 610 |
1 |
|
|a корпорации
|
| 610 |
1 |
|
|a управление
|
| 610 |
1 |
|
|a акционерные общества
|
| 610 |
1 |
|
|a корпоративные структуры
|
| 610 |
1 |
|
|a интеграция
|
| 610 |
1 |
|
|a корпоративная собственность
|
| 610 |
1 |
|
|a акционерная собственность
|
| 610 |
1 |
|
|a слияние
|
| 610 |
1 |
|
|a поглощение
|
| 610 |
1 |
|
|a захваты
|
| 610 |
1 |
|
|a активы
|
| 610 |
1 |
|
|a капитал
|
| 610 |
1 |
|
|a дивидентная политика
|
| 610 |
1 |
|
|a учебные пособия
|
| 610 |
1 |
|
|a корпоративные отношения
|
| 610 |
1 |
|
|a акционеры
|
| 610 |
1 |
|
|a права
|
| 610 |
1 |
|
|a корпоративные трансформации
|
| 610 |
1 |
|
|a национальные модели
|
| 686 |
|
|
|a У9(2)212я73
|v LBC/SL-A
|2 rubbk
|
| 700 |
|
1 |
|a Веснин
|b В. Р.
|g Владимир Рафаилович
|
| 701 |
|
1 |
|a Кафидов
|b В. В.
|
| 801 |
|
1 |
|a RU
|b 63413507
|c 20130312
|
| 801 |
|
2 |
|a RU
|b 63413507
|c 20200914
|g RCR
|
| 900 |
|
|
|a Корпоративное управление
|
| 942 |
|
|
|c BK
|
| 951 |
|
|
|b 080200
|l 8.3
|
| 955 |
|
|
|l 8
|
| 959 |
|
|
|a 39/20130219
|d 10
|e 339,90
|f ЧЗГЛ:1
|f АНЛ:1
|f УФ:8
|